O vale das cobras (Registo nº 1781)

Detalhes MARC
000 -Etiqueta do registo
Cabeçalho 00763nam a22002771 4500
005 - Identificador da versão
Campo de controlo 20240813121916.0
010 ## - Número internacional normalizado dos livros (ISBN)
Número (ISBN) 9725531574
021 ## - Número do Depósito Legal
Código do país PT
Número 113509/97
100 ## - Dados gerais de processamento
Dados gerais de processamento 20070508d1997 da y0pory5003 ba
102 ## - Pais de publicação ou produção
País de publicação Portugal
101 1# - Língua de publicação
Língua do texto, banda sonora, etc. Português
Língua do documento no original Francês
106 ## - Campo de dados codificados: material textual
Dados codificados do material textual r
105 ## - Campo de dados codificados: livros
Dados codificados dos livros a t 000ay
215 ## - Descrição física 
Indicação específica da natureza do documento e extensão da espécie 52 p.
Outras indicações físicas todo il.
Dimensões 30 cm
200 1# - Titulo e menção de responsabilidade
Título próprio O vale das cobras
Primeira menção de responsabilidade Hergé
225 2# - Colecção 
Título próprio da colecção Aventuras de Joana, João e do macaco Simão
Indicação de volume 1
210 ## - Publicação, Distribuição, etc. 
Lugar da edição, distribuição, etc. [Lisboa]
Nome do editor, distribuidor, etc. Difusão Verbo
Data da publicação, distribuição, etc. D.L. 1997
606 ## - Nome comum usado como assunto
Número de registo de entrada de autoridade 0000226
Palavra de ordem Literatura estrangeira infanto-juvenil
Subdivisão de assunto Banda desenhada
675 ## - Classificação Decimal Universal (CDU)
Notação 82-9
Edição
Língua da edição por
700 #1 - Nome de autor-pessoa física (responsabilidade principal)
Número de registo de entrada de autoridade 0000293
Palavra de ordem Hergé
Elementos de identificação ou distinção pseud.
942 ## - Elementos de entrada adicionados (Koha)
Tipo de item no Koha Livro
Exemplares
Situação do levantamento Origin of item (home branch) (coded) Biblioteca de empréstimo Código de barras Cota Circulation type (not for loan) Tipo de documento Nota do exemplar Damaged status
  Biblioteca Escolar da Coca Maravilhas Biblioteca Escolar da Coca Maravilhas BECM4634/00 8BD HER   Livro Sem mensagem  
  Biblioteca Escolar da Coca Maravilhas Biblioteca Escolar da Coca Maravilhas BECM4584/99 8BD HER   Livro Sem mensagem